Indigenous management practices in Africa :a guide for educators and practitioners / (Record no. 4091)

000 -LEADER
fixed length control field 01713cam a22004815i 4500
001 - CONTROL NUMBER
control field 20830419
003 - CONTROL NUMBER IDENTIFIER
control field OSt
005 - DATE AND TIME OF LATEST TRANSACTION
control field 20190327154140.0
008 - FIXED-LENGTH DATA ELEMENTS--GENERAL INFORMATION
fixed length control field 190130s2018 enka b 001 0 eng d
010 ## - LIBRARY OF CONGRESS CONTROL NUMBER
LC control number 2017279833
015 ## - NATIONAL BIBLIOGRAPHY NUMBER
National bibliography number GBB886169
Source bnb
016 7# - NATIONAL BIBLIOGRAPHIC AGENCY CONTROL NUMBER
Record control number 018863666
Source Uk
020 ## - INTERNATIONAL STANDARD BOOK NUMBER
International Standard Book Number 178754849X
Qualifying information hardcover
020 ## - INTERNATIONAL STANDARD BOOK NUMBER
International Standard Book Number 9781787548497
Qualifying information hardcover
020 ## - INTERNATIONAL STANDARD BOOK NUMBER
Cancelled/invalid ISBN 9781787548503 (ePub ebook)
020 ## - INTERNATIONAL STANDARD BOOK NUMBER
Cancelled/invalid ISBN 9781787548480 (PDF ebook)
035 ## - SYSTEM CONTROL NUMBER
System control number (OCoLC)on1031339504
040 ## - CATALOGING SOURCE
Original cataloging agency YDX
Language of cataloging eng
Transcribing agency YDX
Description conventions rda
Modifying agency NLMAA
-- YDX
-- OCLCO
-- GUA
-- OCLCF
-- UKMGB
-- DLC
042 ## - AUTHENTICATION CODE
Authentication code lccopycat
043 ## - GEOGRAPHIC AREA CODE
Geographic area code f------
050 ## - LIBRARY OF CONGRESS CALL NUMBER
Classification number HD31.I53 2018
082 04 - DEWEY DECIMAL CLASSIFICATION NUMBER
Classification number 658.0096
Edition number 23
245 00 - TITLE STATEMENT
Title Indigenous management practices in Africa :a guide for educators and practitioners /
Statement of responsibility, etc edited by Uchenna Uzo, Abel Kinoti Meru.
260 ## - PUBLICATION, DISTRIBUTION, ETC. (IMPRINT)
Place of publication, distribution, etc United Kingdom
Name of publisher, distributor, etc Emerald Publisihing
Date of publication, distribution, etc 2018
300 ## - PHYSICAL DESCRIPTION
Extent xiv, 292 pages ; illustrations ;
Dimensions 25 cm
490 1# - SERIES STATEMENT
Series statement Advanced series in management ;
Volume number/sequential designation volume 20.
International Standard Serial Number 1877-6361
504 ## - BIBLIOGRAPHY, ETC. NOTE
Bibliography, etc Includes bibliographical references and index.
650 #0 - SUBJECT ADDED ENTRY--TOPICAL TERM
Topical term or geographic name as entry element Industrial management
Geographic subdivision Africa.
650 #0 - SUBJECT ADDED ENTRY--TOPICAL TERM
Topical term or geographic name as entry element Management
Geographic subdivision Africa.
650 #0 - SUBJECT ADDED ENTRY--TOPICAL TERM
Topical term or geographic name as entry element Management
General subdivision Study and teaching
Geographic subdivision Africa.
650 #7 - SUBJECT ADDED ENTRY--TOPICAL TERM
Topical term or geographic name as entry element Industrial management.
Source of heading or term fast
650 #7 - SUBJECT ADDED ENTRY--TOPICAL TERM
Topical term or geographic name as entry element Management.
Source of heading or term fast
650 #7 - SUBJECT ADDED ENTRY--TOPICAL TERM
Topical term or geographic name as entry element Management
General subdivision Study and teaching.
Source of heading or term fast
651 #7 - SUBJECT ADDED ENTRY--GEOGRAPHIC NAME
Geographic name Africa.
Source of heading or term fast
700 1# - ADDED ENTRY--PERSONAL NAME
Personal name Uzo, Uchenna,
Relator term editor.
700 1# - ADDED ENTRY--PERSONAL NAME
Personal name Meru, Abel Kinoti,
Relator term editor.
776 08 - ADDITIONAL PHYSICAL FORM ENTRY
Display text ebook version :
International Standard Book Number 9781787548503
830 #0 - SERIES ADDED ENTRY--UNIFORM TITLE
Uniform title Advanced series in management ;
Volume number/sequential designation v. 20.
906 ## - LOCAL DATA ELEMENT F, LDF (RLIN)
a 0
b ibc
c copycat
d 2
e ncip
f 20
g y-gencatlg
942 ## - ADDED ENTRY ELEMENTS (KOHA)
Source of classification or shelving scheme
Koha item type Book
Holdings
Withdrawn status Lost status Source of classification or shelving scheme Damaged status Not for loan Home library Current library Date acquired Total Checkouts Full call number Barcode Date last seen Date checked out Copy number Price effective from Koha item type Total Renewals
          Riara University Library Riara University Library 27/03/2019 8 HD31.I53 2018 10177/19 23/10/2023 03/08/2023 C.1 27/03/2019 Book  
          Riara University Library Riara University Library 27/03/2019 1 HD31.I53 2018 10178/19 03/04/2019 28/03/2019 C.2 27/03/2019 Book 1

Riara University Library,
P.O. Box 49940-00100,
Nairobi, Kenya.